| 000 | 00672nam a2200229Ia 4500 | ||
|---|---|---|---|
| 003 | OSt | ||
| 005 | 20220918200634.0 | ||
| 006 | a|||||r|||| 00| 0 | ||
| 007 | ta | ||
| 008 | 220917b |||||||| |||| 00| 0 eng d | ||
| 024 | _a89,691 | ||
| 037 | _cTextual | ||
| 040 |
_aARTS _cARTS _beng |
||
| 041 |
_2eng _aeng |
||
| 082 | _aU8:2MH:M4, K9 | ||
| 100 |
_aHooker Joseph Dalton _995011 |
||
| 245 | 0 |
_aHimalayan journals _b notes of a naturalist in Bengal, the sikkim and Nepal Himalayas, the Khasia mountains |
|
| 260 | _c1969 | ||
| 650 |
_aTRAVEL; GEOGRAPHY _97186 |
||
| 942 |
_hU8:2MH:M4, K9 _cTEXL _2CC |
||
| 999 |
_c213360 _d213360 |
||